| 000 | 00396nam a2200157Ia 4500 | ||
|---|---|---|---|
| 008 | 230917s9999||||xx |||||||||||||| ||und|| | ||
| 040 |
_e43019 _aMAIN |
||
| 041 | _aEnglish | ||
| 082 | _a821.8 E46S:S | ||
| 100 | _aSoutham, B C | ||
| 245 | 2 | _aA students guide to the selected poems of T S Eliot | |
| 250 | _a4th ed. | ||
| 260 |
_aLondon _bFaber & Faber _c1987 |
||
| 300 | _a158 p. | ||
| 942 | _cBK | ||
| 999 |
_c85504 _d85504 |
||